000
00266nam a22001097a 4500
082
_a
621.384152 TIB'F
100
_a
TIBBS, CHRISTOPHER
_9
73692
245
_a
FREQUENCY MODULATION ENGINEERING
260
_a
LONDON
_b
CHAPMAN & HALL
_c
1947
300
_a
310P
942
_c
BK
999
_c
579343
_d
579343